000 00653nam a2200217Ia 4500
001 3076
003 GE_BSU
008 181216s||||||||xx |||||||||||||| ||und||
040 _cGE_BSU
080 _a553.981(075.32)
100 _aГабриэлянц,Г.А.
245 _aГеология нефтяных и газовых месторождений.
245 _bУчебник.
245 _cРед.из-ва.И.Л.Летова.
260 _aМ.
260 _bНедра.
260 _c1972.
300 _a400стр.с илл.22см.
653 _aГеология нефтяных и газовых месторождений.
942 _cBK
999 _c37120
_d37120